00938cam a2200301 a 45000010009000000050017000090080041000260100017000670150019000840160018001030200025001210200022001460350024001680400046001920410008002380420014002460430012002600800016002720820020002881000007003081010008003152450073003235040051003969060045004479420012004929990017005049520115005211751876720180125073749.0121105t2014 mauab b 001 0 eng d a 2012953260 aGBB2816752bnb7 a0161520512Uk a9780205909049 (pbk.) a0205909043 (pbk.) a(OCoLC)ocn808492408 aUKMGBbengcUKMGBdOCLCOdVVJdYDXCPdDLC aeng alccopycat an-us--- a320.473 GRE04a320.473 GRE2231 a19 aPOL14aThe struggle for democracy /cEdward S. Greenberg, Benjamin I. Page. aIncludes bibliographical references and index. a7bcbcccopycatd2encipf20gy-gencatlg 2ddccBK c40947d40947 00102udc40708PËKGa002b002cPËKGd2018-01-25l0o320.473 GREp002-2996516r2018-01-25w2018-01-25yBK